00933nam a2200217 a 4500008004100000020001500041020001500056050001400071100001800085245007800103260004500181300001800226350000900244500014500253650002700398700002000425700002800445995009600473999001700569952012900586120416s1989 ||||||||||||||||| || u a0333495241 a033349525X aHB 61 New aEatwell, John14aThe New Palgrave: general equilibriumcedited by John Eatwell, and others aLondon:bMacmillan Reference Booksc1989 a346 p.: ill.  a0.00 a"First published in the New Palgrave, a dictionary of economics ... in four volumes, 1987."--Verso t.p. -Includs bibliographical references. 0aEQUILIBRIUM--ECONOMICS aMilgate, Murray aNewman, Peter K., 1928- D0.00FCBU-MAIN LIBRARY (Kitwe)H1I10.95M1UAVAILABLEZMain Library Open Access Collection c52169d52169 00102lcc4070a001b001cMain Library Open Access Collectiond2022-11-30l0oHB 61 Newp46086r2022-11-30w2022-11-30y002